| 000 | 00532nam a2200193Ia 4500 | ||
|---|---|---|---|
| 005 | 20240823061147.0 | ||
| 008 | 240823s9999||||xx |||||||||||||| ||und|| | ||
| 020 | _a0-7693-0158-4 | ||
| 041 | _aENGLISH | ||
| 082 | _A616.855075 P1 | ||
| 100 | _aHegde M N | ||
| 245 | 0 | _aPocketGuide to Treatment in Speech-Language Pathology | |
| 250 | _a2nd | ||
| 260 |
_c2001 _bSingular Publishing Group |
||
| 500 | _aTRANSFERED | ||
| 650 |
_aAudiology Speech and Language Pathology _bAllied Health Science |
||
| 942 | _cBK | ||
| 999 |
_c232856 _d232856 |
||